Fury fiered, or, Crueltie scourged : preached at S. Buttolphs without Bishops-gate, Nouem. 18. 1623 /

Bibliographic Details
Main Author: Sedgwick, John, 1600 or 1601-1643
Format: eBook
Language:English
Published: London : ... by I L. for William Sheffard, and ... be sold at his shop, at the entring of Popes-head Alley, out of Lumbard-streete, 1624.
Series:Early English books online.
Subjects:
Online Access:Connect to the full text of this electronic book

MARC

Tag First Indicator Second Indicator Subfields
LEADER 00000nam a2200000Ia 4500
001 in00004199749
005 20200806090923.0
006 m g d
007 cr bn |||a|bb|
008 900425s1624 enk o 00| | eng d
035 |a (OCoLC)21428039 
040 |a EBL  |c EBL  |d WaOLN 
037 |a CL0036000050  |b ProQuest. 789 E. Eisenhower Parkway, Ann Arbor, MI 48108-3218 
045 |a u-u- 
090 |a BV4253  |b .S42 1624 
049 |a UMIA 
100 1 |a Sedgwick, John,  |d 1600 or 1601-1643. 
245 1 0 |a Fury fiered, or, Crueltie scourged :  |b preached at S. Buttolphs without Bishops-gate, Nouem. 18. 1623 /  |c by Iohn Sedguuick ... 
260 |a London :  |b ... by I L. for William Sheffard, and ... be sold at his shop, at the entring of Popes-head Alley, out of Lumbard-streete,  |c 1624. 
300 |a 1 online resource (1 + pages) 
336 |a text  |b txt  |2 rdacontent 
337 |a computer  |b c  |2 rdamedia 
338 |a online resource  |b cr  |2 rdacarrier 
500 |a Imperfect: filmed copy contains t.p. only. 
500 |a Reproduction of original in the British Library. 
510 4 |a STC (2nd edition)  |c 22150 
533 |a Electronic reproduction.  |b Ann Arbor, Mich. :  |c UMI,  |d 1999-  |f (Early English books online)  |n Digital version of: (Early English books, 1475-1640 ; 1735:14)  |7 s1999 miun s 
650 0 |a Sermons, English  |y 17th century. 
740 0 |a Crueltie scourged. 
830 0 |a Early English books online. 
856 4 0 |u http://proxy.library.tamu.edu/login?url=https://search.proquest.com/docview/2240927521  |z Connect to the full text of this electronic book  |t 0 
999 f f |s 32e4c31b-4a3e-356b-b32c-2bde2152c2af  |i af93dc53-b3c4-3778-9b58-b2527d9a455d  |t 0 
952 f f |a Texas A&M University  |b College Station  |c Electronic Resources  |d Available Online  |t 0  |e BV4253 .S42 1624  |h Library of Congress classification 
998 f f |a BV4253 .S42 1624  |t 0  |l Available Online